000 00780nam a22001937a 4500
999 _c370837
_d370837
008 201130b ||||| |||| 00| 0 eng d
040 _bger
_cDE-2950
_erda
_aDE-2950
041 _ager
100 _aBlees Janine:
245 _aVielfältiges Dazwischenland.
_bBrückenplatz: Das Fest der Vielfalt war der Höhepunkt der Fairen Interkulturellen Woche in Frankfurt: Eine ganz besondere Theaterinstallation feierte dabei Premiere./
_cBlees Janine
264 _c2021
653 _aFrankfurt (Oder)
653 _aInterkulturelle Woche
773 _dFrankfurt (Oder): Märkisches Verlags- und Druckhaus GmbH & Co KG
_g32. Jahrgang (2021) Nr. 225 vom 27.09.2021, S. 15
_tMärkische Oderzeitung
942 _cA